Estadísticas para Historia por Letra - K

Haz click aquí para tomar la prueba!

Estadísticas generales

  • Esta prueba ha sido tomada 2.407 veces
  • La puntuación promedio es 8 de 17

Estadísticas de respuestas

PistaRespuesta% Correcto
El presidente de los EE.UU. que fue asesinado en 1963John F. Kennedy
93%
Un activista de derechos civiles americano que tuvo un sueñoMartin Luther King
87%
Los pilotos suicidas japonesesKamikaze
86%
Espada curva distintiva del samuráiKatana
79%
Título del emperador alemánKaiser
78%
La capital de Japón hasta 1869Kioto
74%
Primer líder de Corea del NorteKim Il-Sung
69%
Zona fortificada de Moscú, habitada desde el siglo II a.C.Kremlin
48%
El volcán indonesio que explotó en 1883Krakatoa
47%
El Señor que calculó el cero absolutoLord Kelvin
41%
Sitio de la sublevación de los Mau MauKenia
36%
Autor de "El Libro de la Selva"Rudyard Kipling
29%
Kan que conquistó ChinaKublai Kan
23%
Término para un colectivo israelíKibutz
17%
La región canadiense con la fiebre del oro en 1896Klondike
15%
La balsa que fue usada por Thor Heyerdahl para navegar desde Perú a PolinesiaKon-Tiki
15%
La compañía de armas alemana que usó mano de obra esclava en la Segunda Guerra MundialKrupp
12%

Distribución de puntuación

Porcentaje por número respondido

Porcentaje de gente con cada puntuación

Historial de tus puntuaciones

No has tomado esta prueba